Online
Catalog

Vidas paralelas / (Record no. 30463)

MARC details
000 -CABECERA
campo de control de longitud fija 01049nam a2200277 a 4500
001 - NÚMERO DE CONTROL
campo de control 000030971
005 - FECHA Y HORA DE LA ÚLTIMA TRANSACCIÓN
campo de control 20260414130834.0
008 - DATOS DE LONGITUD FIJA--INFORMACIÓN GENERAL
campo de control de longitud fija 110608s1994 sp 000 f spa d
040 ## - FUENTE DE LA CATALOGACIÓN
Centro catalogador/agencia de origen DO-SdBNP
Lengua de catalogación spa
Centro/agencia transcriptor BNPHU
100 1# - ENTRADA PRINCIPAL--NOMBRE DE PERSONA
Nombre de persona Plutarco
9 (RLIN) 52326
245 10 - MENCIÓN DE TÍTULO
Título Vidas paralelas /
Mención de responsabilidad, etc. Plutarco ; traducción al castellano Ranz Romanillos ; prólogo Joaquín del Moral Ruiz.
260 ## - PUBLICACIÓN, DISTRIBUCIÓN, ETC.
Lugar de publicación, distribución, etc. Madrid :
Nombre del editor, distribuidor, etc. Club Internacional del Libro,
Fecha de publicación, distribución, etc. D. L. 1994.
300 ## - DESCRIPCIÓN FÍSICA
Extensión 173 p. ;
Dimensiones 18 cm.
490 1# - MENCIÓN DE SERIE
Mención de serie Grandes genios de la literatura universal
600 04 - PUNTO DE ACCESO ADICIONAL DE MATERIA--NOMBRE DE PERSONA
Nombre de persona DEMÓSTENES,
Fechas asociadas al nombre 384 a. C.-322 a. C.
9 (RLIN) 57482
600 04 - PUNTO DE ACCESO ADICIONAL DE MATERIA--NOMBRE DE PERSONA
Nombre de persona CICERÓN,
Fechas asociadas al nombre 106 a. C.-43 a. C.
9 (RLIN) 57483
600 04 - PUNTO DE ACCESO ADICIONAL DE MATERIA--NOMBRE DE PERSONA
Nombre de persona PERICLES,
Fechas asociadas al nombre 495 a. C.-429 a. C.
9 (RLIN) 57484
600 04 - PUNTO DE ACCESO ADICIONAL DE MATERIA--NOMBRE DE PERSONA
Nombre de persona FABIO MÁXIMO,
Fechas asociadas al nombre 275 a. C.-203 a. C.
9 (RLIN) 57485
650 20 - PUNTO DE ACCESO ADICIONAL DE MATERIA--TÉRMINO DE MATERIA
Término de materia o nombre geográfico como elemento de entrada Biografía
9 (RLIN) 4997
650 24 - PUNTO DE ACCESO ADICIONAL DE MATERIA--TÉRMINO DE MATERIA
Término de materia o nombre geográfico como elemento de entrada Oradores romanos
9 (RLIN) 57486
650 24 - PUNTO DE ACCESO ADICIONAL DE MATERIA--TÉRMINO DE MATERIA
Término de materia o nombre geográfico como elemento de entrada Oradores griegos
9 (RLIN) 57487
650 24 - PUNTO DE ACCESO ADICIONAL DE MATERIA--TÉRMINO DE MATERIA
Término de materia o nombre geográfico como elemento de entrada Filósofos
9 (RLIN) 809
700 1# - PUNTO DE ACCESO ADICIONAL--NOMBRE DE PERSONA
Nombre de persona Romanillos, Ranz,
Término indicativo de función/relación trad.
9 (RLIN) 57488
700 1# - PUNTO DE ACCESO ADICIONAL--NOMBRE DE PERSONA
Nombre de persona Moral Ruiz, Joaquín del,
Término indicativo de función/relación pról.
9 (RLIN) 12826
830 #4 - PUNTO DE ACCESO ADICIONAL DE SERIE-TÍTULO UNIFORME
Título uniforme Grandes genios de la literatura universal
9 (RLIN) 7077
Holdings
Estado de retiro Estado de pérdida Restricciones de uso No para préstamo Código de colección Localización permanente Ubicación/localización actual Ubicación en estantería Fecha de adquisición Número de inventario Total de préstamos Signatura topográfica completa Código de barras Fecha visto por última vez Precio válido a partir de Tipo de ítem Koha Número de copia
      Excluido de préstamo Monografías: Libros y Folletos General General En catalogación 08.06.2011 LF1   30971-10 25.06.2020 25.06.2020 No se presta  
      Excluido de préstamo Monografías: Libros y Folletos General General En catalogación 03.02.2012 LF1   30971-20 25.06.2020 25.06.2020 No se presta e.2

Powered by Koha